000 00444nam a2200169Ia 4500
003 GCL
005 20240530110315.0
008 140319s9999 xx 000 0 ara d
040 _aGCL /
_cGCL
082 0 4 _a812.008
_bن ب
100 0 _aنعمان عاشور
245 1 0 _aبلاد بره /
_cنعمان عاشور
300 _a280 ص
650 0 4 _aالادب العربى
650 0 4 _aالمسرحية العربية
942 _2ddc
_cREF
999 _c59660
_d59660